| 000 | 00602nam a2200217 i 4500 | ||
|---|---|---|---|
| 001 | bg | ||
| 100 | 1 | _aNIGAM, N.C. | |
| 245 | 0 |
_aIntroduction to random vibrations / _cN.C. Nigam. |
|
| 260 |
_aLondon : _bMIT Press, _c1983. |
||
| 490 | 1 | _aThe MIT Press Series in Structura Mechanics | |
| 650 | 9 | _aDrgania | |
| 650 | 9 | _aProcesy stochastyczne | |
| 830 | _aThe MIT Press Series in Structura Mechanics | ||
| 020 | _a0262140357 (v.1) | ||
| 040 | _cBPK | ||
| 041 | _apol | ||
| 080 | _a534:620.1:519.2 | ||
| 920 | _a0-262-14035-7 (v.1) | ||
| 942 | _cKS | ||
| 008 | s pl f |000 0 pol | ||
| 999 |
_c23777 _d23777 |
||
| 856 |
_uhttp://koha.tu.koszalin.pl/cgi-bin/koha/opac-detail.pl?biblionumber=23777 _yKatalog online BPK |
||